000 01116nam a2200361 i 4500
999 _c266
_d266
001 020854169
003 UkOxU
005 20190903101619.0
008 170531s2016 enka 000 0 eng c
020 _a9781782945437
_qpaperback
020 _a1782945431
_qpaperback
035 _a(UK-WkNB)9781782945437
035 _a(StEdALDL)1/3527446
040 _aUK-WkNB
_beng
_erda
_cUK-WkNB
_dUkOxU
049 _aCROBAR
082 0 4 _a468.242 PAR
_223
245 0 0 _aGCSE Spanish for the grade 9-1 course :
_bthe revision guide
264 1 _a[Broughton-in-Furness?] :
_bCGP,
_c[2016?]
264 4 _c©2016
300 _a124 pages :
_billustrations ;
_c30 cm
336 _atext
_2rdacontent
337 _aunmediated
_2rdamedia
338 _avolume
_2rdacarrier
490 _aCGP
500 _aTitle from cover.
500 _a"Includes free online audio & online edition".
650 0 _aSpanish language
_xExaminations
_vStudy guides.
700 _aParsons, Richard
_eCGP style creator
942 _2ddc
_cNFIC
980 _g1
_f1/3527446
981 _dAgency file oxf2017-18.1